Tilastot visalle Suomen kunnat kartalla 1960

Klikkaa tästä pelataksesi tätä visaa!

Yleistilastot

  • Tätä visaa on pelattu 6 628 kertaa
  • Keskiarvotulos 320 / 548

Vastaukset kartalla

Vastauksille on annettu kartalla punavihreä väri sen mukaan, kuinka moni on saanut sen oikein.
 

Vastaustilastot

Kunta% Oikein
Ii
88%
Kemi
86%
Eno
85%
Oulu
84%
Rovaniemi
83%
Enontekiö
82%
Inari
82%
Utsjoki
82%
Helsinki
81%
Kuhmo
80%
Kuopio
80%
Kuusamo
80%
Salla
80%
Tornio
80%
Espoo
79%
Jyväskylä
79%
Sodankylä
79%
Tampere
79%
Turku
79%
Ylitornio
79%
Kajaani
78%
Kemijärvi
78%
Kittilä
78%
Kolari
78%
Mikkeli
78%
Muonio
78%
Pori
78%
Hailuoto
77%
Joensuu
77%
Kouvola
77%
Lappee
77%
Pello
77%
Ranua
77%
Savukoski
77%
Vaasa
77%
Hanko
76%
Kokkola
76%
Kotka
76%
Lahti
76%
Maaria
76%
Porvoo
76%
Salo
76%
Seinäjoki
76%
Simo
76%
Suomussalmi
76%
Tervo
76%
Hämeenlinna
75%
Hamina
75%
Iisalmi
75%
Ilomantsi
75%
Imatra
75%
Lappeenranta
75%
Lieksa
75%
Rauma
75%
Kalajoki
74%
Kauniainen
74%
Posio
74%
Saari
74%
Savonlinna
74%
Sotkamo
74%
Jämsä
73%
Kempele
73%
Nurmes
73%
Pelkosenniemi
73%
Pudasjärvi
73%
Raahe
73%
Rovaniemen mlk
73%
Tervola
73%
Alavus
72%
Heinola
72%
Kirkkonummi
72%
Lohja
72%
Maarianhamina
72%
Sipoo
72%
Taivalkoski
72%
Varkaus
72%
Äänekoski
71%
Ähtäri
71%
Forssa
71%
Hyrynsalmi
71%
Kerava
71%
Keuruu
71%
Kitee
71%
Kristiinankaupunki
71%
Liminka
71%
Loviisa
71%
Naantali
71%
Nokia
71%
Orivesi
71%
Puolanka
71%
Vaala
71%
Virrat
71%
Alavieska
70%
Eura
70%
Hollola
70%
Hyvinkää
70%
Inkoo
70%
Järvenpää
70%
Juva
70%
Kauhajoki
70%
Lapua
70%
Mustasaari
70%
Närpiö
70%
Paltamo
70%
Parikkala
70%
Pieksämäki
70%
Pihtipudas
70%
Tuusula
70%
Uusikaupunki
70%
Vihti
70%
Ylivieska
70%
Alajärvi
69%
Asikkala
69%
Haapajärvi
69%
Haapavesi
69%
Iitti
69%
Jyväskylän mlk
69%
Kangasala
69%
Kauhava
69%
Laukaa
69%
Mäntsälä
69%
Mänttä
69%
Muurame
69%
Nurmijärvi
69%
Oulainen
69%
Parainen
69%
Pietarsaari
69%
Pyhäjoki
69%
Riihimäki
69%
Ristijärvi
69%
Siilinjärvi
69%
Suonenjoki
69%
Viitasaari
69%
Virolahti
69%
Askola
68%
Enonkoski
68%
Eurajoki
68%
Hattula
68%
Helsingin mlk
68%
Ikaalinen
68%
Ilmajoki
68%
Joutsa
68%
Karkkila
68%
Karstula
68%
Kemiö
68%
Kurikka
68%
Liperi
68%
Loimaa
68%
Luumäki
68%
Merikarvia
68%
Muhos
68%
Orimattila
68%
Parkano
68%
Pyhtää
68%
Saarijärvi
68%
Siikajoki
68%
Veteli
68%
Vimpeli
68%
Ylöjärvi
68%
Aura
67%
Eckerö
67%
Heinävesi
67%
Isojoki
67%
Joroinen
67%
Juuka
67%
Kaarina
67%
Kaustinen
67%
Keitele
67%
Kiuruvesi
67%
Kuhmoinen
67%
Kuopion mlk
67%
Kyyjärvi
67%
Lapinlahti
67%
Lemi
67%
Lempäälä
67%
Luoto
67%
Miehikkälä
67%
Mikkelin mlk
67%
Myrskylä
67%
Pirkkala
67%
Pornainen
67%
Raisio
67%
Siuntio
67%
Soini
67%
Ulvila
67%
Uurainen
67%
Uusikaarlepyy
67%
Vilppula
67%
Evijärvi
66%
Hämeenkyrö
66%
Hartola
66%
Isokyrö
66%
Janakkala
66%
Kankaanpää
66%
Kannus
66%
Kärsämäki
66%
Karvia
66%
Kemijärven mlk
66%
Kontiolahti
66%
Koski Tl
66%
Kuortane
66%
Lappajärvi
66%
Leppävirta
66%
Loppi
66%
Luhanka
66%
Lumijoki
66%
Nakkila
66%
Pielavesi
66%
Pomarkku
66%
Puumala
66%
Pyhäntä
66%
Rautavaara
66%
Sievi
66%
Sysmä
66%
Tammisaari
66%
Tohmajärvi
66%
Tyrnävä
66%
Valkeakoski
66%
Vöyri
66%
Hankasalmi
65%
Hirvensalmi
65%
Humppila
65%
Jokioinen
65%
Kaavi
65%
Kajaanin mlk
65%
Kaskinen
65%
Laihia
65%
Lieto
65%
Maalahti
65%
Mäntyharju
65%
Masku
65%
Multia
65%
Nivala
65%
Pietarsaaren mlk
65%
Pukkila
65%
Rääkkylä
65%
Rautalampi
65%
Rautjärvi
65%
Reisjärvi
65%
Ruokolahti
65%
Sulkava
65%
Tammela
65%
Teuva
65%
Utajärvi
65%
Vieremä
65%
Halsua
64%
Huittinen
64%
Kangasniemi
64%
Karijoki
64%
Kinnula
64%
Kivijärvi
64%
Konnevesi
64%
Lapinjärvi
64%
Mynämäki
64%
Padasjoki
64%
Perho
64%
Pertunmaa
64%
Savitaipale
64%
Somero
64%
Sonkajärvi
64%
Taipalsaari
64%
Urjala
64%
Yli-Ii
64%
Ypäjä
64%
Brändö
63%
Juupajoki
63%
Kihniö
63%
Kokemäki
63%
Lestijärvi
63%
Merijärvi
63%
Paimio
63%
Pälkäne
63%
Polvijärvi
63%
Ruovesi
63%
Säkylä
63%
Siikainen
63%
Toholampi
63%
Toivakka
63%
Tuusniemi
63%
Geta
62%
Harjavalta
62%
Jämijärvi
62%
Kemin mlk
62%
Kustavi
62%
Laitila
62%
Oripää
62%
Porvoon mlk
62%
Pyhäranta
62%
Sauvo
62%
Taivassalo
62%
Vammala
62%
Vehmaa
62%
Vesanto
62%
Alatornio
61%
Föglö
61%
Hausjärvi
61%
Jämsänkoski
61%
Jomala
61%
Kannonkoski
61%
Kärkölä
61%
Korsnäs
61%
Kruunupyy
61%
Nousiainen
61%
Petäjävesi
61%
Punkalaidun
61%
Rantasalmi
61%
Rusko
61%
Sottunga
61%
Sund
61%
Vesilahti
61%
Haukipudas
60%
Iisalmen mlk
60%
Kökar
60%
Lumparland
60%
Pieksämäen mlk
60%
Toijala
60%
Hammarland
59%
Karjaa
59%
Kumlinge
59%
Kuusankoski
59%
Lemland
59%
Marttila
59%
Saltvik
59%
Anjala
58%
Finström
58%
Kiiminki
58%
Nurmeksen mlk
58%
Oulunsalo
58%
Pöytyä
58%
Vårdö
58%
Noormarkku
57%
Nummi
57%
Alahärmä
56%
Heinolan mlk
56%
Nastola
56%
Peräseinäjoki
56%
Porin mlk
56%
Punkaharju
56%
Valtimo
56%
Honkajoki
55%
Joutseno
55%
Juankoski
55%
Lohjan mlk
55%
Maaninka
55%
Pusula
55%
Rauman mlk
55%
Ruotsinpyhtää
55%
Hyvinkään mlk
54%
Jalasjärvi
54%
Ristiina
54%
Viiala
54%
Ylihärmä
54%
Ylikiiminki
54%
Nilsiä
53%
Nurmo
53%
Ylistaro
53%
Lappi
52%
Nauvo
52%
Ikaalisten mlk
51%
Karjalohja
51%
Lammi
51%
Luvia
51%
Simpele
51%
Hauho
50%
Karhula
50%
Kesälahti
50%
Koski Hl
50%
Kuru
50%
Pulkkila
50%
Raippaluoto
50%
Vähäkyrö
50%
Valkeala
50%
Äänekosken mlk
49%
Alastaro
49%
Elimäki
49%
Himanka
49%
Jaala
49%
Kerimäki
49%
Maksamaa
49%
Oulujoki
49%
Pattijoki
49%
Rymättylä
49%
Töysä
49%
Uudenkaupungin mlk
49%
Kiihtelysvaara
48%
Konginkangas
48%
Korpilahti
48%
Korppoo
48%
Kuivaniemi
48%
Lavia
48%
Loimaan mlk
48%
Merimasku
48%
Pielisjärvi
48%
Pohja
48%
Suolahti
48%
Alaveteli
47%
Anttola
47%
Dragsfjärd
47%
Jurva
47%
Kälviä
47%
Köyliö
47%
Kymi
47%
Lohtaja
47%
Perniö
47%
Piippola
47%
Pyhäjärvi Ol
47%
Suomenniemi
47%
Tuulos
47%
Tuupovaara
47%
Vihanti
47%
Ahlainen
46%
Artjärvi
46%
Karttula
46%
Karunki
46%
Naantalin mlk
46%
Nuijamaa
46%
Piikkiö
46%
Rantsila
46%
Renko
46%
Säynätsalo
46%
Tammisaaren mlk
46%
Uudenkaarlepyyn mlk
46%
Iniö
45%
Lemu
45%
Oravainen
45%
Pernaja
45%
Teisko
45%
Temmes
45%
Värtsilä
45%
Halikko
44%
Kestilä
44%
Paraisten mlk
44%
Ullava
44%
Uukuniemi
44%
Vuolijoki
44%
Ylämaa
44%
Ähtävä
43%
Karjaan mlk
43%
Kiikka
43%
Kiikoinen
43%
Kisko
43%
Lauritsala
43%
Lehtimäki
43%
Liljendal
43%
Öja
43%
Pyhäjärvi Ul
43%
Sammatti
43%
Savonranta
43%
Vehmersalmi
43%
Aitolahti
42%
Askainen
42%
Jepua
42%
Karjala
42%
Paavola
42%
Tyrvää
42%
Vehkalahti
42%
Haukivuori
41%
Houtskari
41%
Keikyä
41%
Kylmäkoski
41%
Pihlajavesi
41%
Vanaja
41%
Varpaisjärvi
41%
Yläne
41%
Eräjärvi
40%
Kalvola
40%
Karkku
40%
Kuhmalahti
40%
Längelmäki
40%
Luopioinen
40%
Mouhijärvi
40%
Pertteli
40%
Pyhämaa
40%
Snappertuna
40%
Ylimarkku
40%
Kaarlela
39%
Kangaslampi
39%
Kiikala
39%
Kortesjärvi
39%
Kuorevesi
39%
Kuusjärvi
39%
Muurla
39%
Pyhäselkä
39%
Riistavesi
39%
Sääksmäki
39%
Sahalahti
39%
Saloinen
39%
Somerniemi
39%
Sumiainen
39%
Suodenniemi
39%
Suomusjärvi
39%
Kakskerta
38%
Leivonmäki
38%
Siipyy
38%
Sippola
38%
Teerijärvi
38%
Tenhola
38%
Velkua
38%
Angelniemi
37%
Björköby
37%
Bromarv
37%
Kalanti
37%
Kiukainen
37%
Koijärvi
37%
Lapväärtti
37%
Mellilä
37%
Muuruvesi
37%
Paattinen
37%
Sääminki
37%
Vahto
37%
Viljakkala
37%
Bergö
36%
Hinnerjoki
36%
Jäppilä
36%
Kuusjoki
36%
Mietoinen
36%
Purmo
36%
Tiukka
36%
Tyrväntö
36%
Vestanfjärd
36%
Hiittinen
35%
Karinainen
35%
Koivulahti
35%
Kullaa
35%
Munsala
35%
Rautio
35%
Vampula
35%
Petolahti
34%
Pylkönmäki
34%
Revonlahti
34%
Säyneinen
34%
Suoniemi
34%
Virtasalmi
34%
Haapasaari
33%
Kauvatsa
33%
Kodisjoki
33%
Metsämaa
33%
Särkisalo
33%
Sulva
33%
Tottijärvi
33%
Honkilahti
32%
Karuna
32%
Lokalahti
32%
Pirttikylä
32%
Tarvasjoki
32%
Uskela
32%
Koskenpää
31%
Pohjaslahti
29%

Tulosjakauma

Persentiili vastausten määrän mukaan

Jokaisen tuloksen saaneiden osuus

Tuloshistoriasi

Et ole pelannut tätä visaa